000 00412nam a22001577a 4500
008 250318b |||||||| |||| 00| 0 eng d
020 _a9781455770526
050 _aRC815
_b.N48
100 _aNeville Brad N
245 _aOral and maxillofacial pathology
250 _a4th
260 _aMissouri
_bElsevier
_c2016
300 _axiii,912p
650 _aMouth-Diseases-Atlases
_vJaws-Diseases-Atlases
942 _cBK
999 _c2433
_d2433